<?xml version="1.0" encoding="UTF-8"?>
<record
    xmlns:xsi="http://www.w3.org/2001/XMLSchema-instance"
    xsi:schemaLocation="http://www.loc.gov/MARC21/slim http://www.loc.gov/standards/marcxml/schema/MARC21slim.xsd"
    xmlns="http://www.loc.gov/MARC21/slim">

  <leader>00963cam a22002657a 4500</leader>
  <controlfield tag="001">85839</controlfield>
  <controlfield tag="003">ItRI</controlfield>
  <controlfield tag="005">20260429103912.0</controlfield>
  <controlfield tag="008">260429s1988    it ||||||    ||||| |mul|c</controlfield>
  <datafield tag="040" ind1=" " ind2=" ">
    <subfield code="b">ita</subfield>
    <subfield code="a">M-RABA</subfield>
    <subfield code="c">M-RABA</subfield>
    <subfield code="d">M-RABA</subfield>
  </datafield>
  <datafield tag="041" ind1=" " ind2="7">
    <subfield code="a">ita</subfield>
    <subfield code="a">mul</subfield>
    <subfield code="2">ISO-639-2</subfield>
  </datafield>
  <datafield tag="100" ind1="1" ind2=" ">
    <subfield code="a">De Caro, Stefano</subfield>
    <subfield code="0">IT\ICCU\CFIV\029173</subfield>
    <subfield code="9">59617</subfield>
  </datafield>
  <datafield tag="245" ind1="1" ind2="0">
    <subfield code="a">Boscoreale e le sue testimonianze archeologiche </subfield>
    <subfield code="b">/ villa rustica in localit&#xE0; V. Regina. MCMLXXXVIII</subfield>
    <subfield code="c">[testi elaborati da Stefano De Caro e Angelandrea Casale].</subfield>
  </datafield>
  <datafield tag="260" ind1=" " ind2=" ">
    <subfield code="a">Boscoreale </subfield>
    <subfield code="b">: [s.n.]</subfield>
    <subfield code="c">, 1988</subfield>
  </datafield>
  <datafield tag="300" ind1=" " ind2=" ">
    <subfield code="a">16 p. :</subfield>
    <subfield code="b">il. ;</subfield>
    <subfield code="c">21 x 21 cm</subfield>
  </datafield>
  <datafield tag="500" ind1=" " ind2=" ">
    <subfield code="a">En cub.: Comune di Boscoreale, Assessorato ai beni culturali e ambientali</subfield>
  </datafield>
  <datafield tag="546" ind1=" " ind2=" ">
    <subfield code="a">Texto en italiano, alem&#xE1;n, franc&#xE9;s e ingl&#xE9;s.</subfield>
  </datafield>
  <datafield tag="650" ind1=" " ind2="7">
    <subfield code="a">Arqueolog&#xED;a</subfield>
    <subfield code="9">18834</subfield>
  </datafield>
  <datafield tag="655" ind1=" " ind2="4">
    <subfield code="a">Folletos</subfield>
    <subfield code="9">61837</subfield>
  </datafield>
  <datafield tag="700" ind1="1" ind2=" ">
    <subfield code="a">Casale, Angelandrea,</subfield>
    <subfield code="d">1953-</subfield>
    <subfield code="9">111701</subfield>
  </datafield>
  <datafield tag="852" ind1=" " ind2=" ">
    <subfield code="j">F-16111</subfield>
  </datafield>
  <datafield tag="942" ind1=" " ind2=" ">
    <subfield code="c">FONDOMODER</subfield>
    <subfield code="n">0</subfield>
  </datafield>
  <datafield tag="952" ind1=" " ind2=" ">
    <subfield code="0">0</subfield>
    <subfield code="1">0</subfield>
    <subfield code="2">ddc</subfield>
    <subfield code="4">0</subfield>
    <subfield code="7">0</subfield>
    <subfield code="a">RABASF</subfield>
    <subfield code="b">RABASF</subfield>
    <subfield code="c">DP2</subfield>
    <subfield code="d">2026-04-29</subfield>
    <subfield code="e">D</subfield>
    <subfield code="i">48235</subfield>
    <subfield code="l">0</subfield>
    <subfield code="o">F-16111</subfield>
    <subfield code="p">1097132</subfield>
    <subfield code="r">2026-04-29 10:39:57</subfield>
    <subfield code="w">2026-04-29</subfield>
    <subfield code="y">FONDOMODER</subfield>
    <subfield code="z">Donaci&#xF3;n de Vincenzo Giuseppe Sabini</subfield>
  </datafield>
  <datafield tag="981" ind1=" " ind2="1">
    <subfield code="6">z01</subfield>
    <subfield code="a">i </subfield>
    <subfield code="b">xxxe  </subfield>
  </datafield>
  <datafield tag="982" ind1=" " ind2="1">
    <subfield code="6">z01</subfield>
    <subfield code="a">n</subfield>
  </datafield>
  <datafield tag="999" ind1=" " ind2=" ">
    <subfield code="c">85839</subfield>
    <subfield code="d">85839</subfield>
  </datafield>
</record>
